NBA Active Top 50: playoff turnovers - Statistics

General Stats
  • This quiz has been taken 14 times
  • The average score is 40 of 50
Answer Stats
Team Player TO % Correct
LAL Anthony Davis 89
100%
POR Damian Lillard 178
100%
PHI Danny Green 123
100%
GSW Draymond Green 325
100%
MIL Giannis Antetokounmpo 128
100%
BKN James Harden 444
100%
BKN Jeff Green 88
100%
MIA Jimmy Butler 141
100%
LAC Kawhi Leonard 229
100%
BKN Kevin Durant 438
100%
LAL LeBron James 950
100%
LAC Paul George 272
100%
WAS Russell Westbrook 420
100%
GSW Stephen Curry 390
100%
PHX Chris Paul 296
92%
POR CJ McCollum 96
92%
BOS Jaylen Brown 92
92%
BOS Jayson Tatum 107
92%
MIL Khris Middleton 100
92%
GSW Klay Thompson 220
92%
TOR Kyle Lowry 241
92%
CLE Kevin Love 105
85%
BKN Kyrie Irving 144
85%
OKC Al Horford 201
77%
PHI Dwight Howard 311
77%
MIA Goran Dragic 101
77%
PHI Joel Embiid 84
77%
LAC Lou Williams 108
77%
BOS Marcus Smart 141
77%
MIA Andre Iguodala 228
69%
DET Blake Griffin 135
69%
WAS Bradley Beal 91
69%
POR Carmelo Anthony 211
69%
SAS DeMar DeRozan 133
69%
HOU Eric Gordon 99
69%
OKC George HIll 173
69%
NOP J.J. Redick 137
69%
HOU John Wall 145
69%
DEN Nikola Jokic 98
69%
DEN Paul Millsap 196
69%
ATL Rajon Rondo 335
69%
OKC Trevor Ariza 118
69%
MIA Udonis Haslem 118
69%
DET Derrick Rose 158
62%
SAS LaMarcus Aldridge 112
62%
UTA Mike Conley 124
62%
LAL Marc Gasol 137
54%
NOP Eric Bledsoe 91
46%
BOS Jeff Teague 147
46%
LAC Serge Ibaka 138
46%
No matching quizzes found
Score Distribution
Percent of People with Each Score
Percentile by Number Answered
Your Score History
You have not taken this quiz